Answers that are Green - Statistics

General Stats
  • This quiz has been taken 31 times
  • The average score is 9 of 17
Answer Stats
Hint Answer % Correct
5) Largest island in the world Greenland
97%
1) Home city of the Packers Green Bay
93%
12) An indoor place to grow vegetables Greenhouse
90%
2) Someone who is good atgardening has a Green Thumb
87%
10) Hal Jordans alter ego hero Green Lantern
73%
7) Where the Prime Meridian lies Greenwich
73%
9) Nemesis of SpiderMan and alter egoof Dr Osborn Green Goblin
67%
17) When someone moves onto somethingbetter. On to... greener pastures
53%
6) Range of peaks across Vermont Green Mountains
50%
11) Historic North Carolina city knownfor the Civil Rights involvement Greensboro
47%
4) State research university in Ohio,south of Toledo. Home to the Falcons Bowling Green
33%
13) Washington state nickname Evergreen
33%
16) Waterway that flows thru Utah, Coloradoand Wyoming Green River
30%
8) Tulane University team name Green Wave
27%
14) Fictional town in Alabama where Forrest Gump lived Greenbow
17%
15) North Texas University team name Mean Green
17%
3) A new or inexperienced person Greenhand
7%
No matching quizzes found
Score Distribution
Percent of People with Each Score
Percentile by Number Answered
Your Score History
You have not taken this quiz